Systém řízení kvality
Podpora aplikácie systému riadenia kvality v organizáciách, ktoré pôsobia v bezpečnostnom priemysle. Predpokladom úspechu pri vytváraní moderného a funkčného riadenia kvality je využitie všeobecne platných zásad s uplatnením medzinárodnej normy ISO 9001. Certifikačný inštitút Českej asociácie poisť...
Na minha lista:
| Autor principal: | |
|---|---|
| Formato: | Capítulo de Livro |
| Idioma: | tcheco |
| Assuntos: | |
| Tags: |
Sem tags, seja o primeiro a adicionar uma tag!
|
MARC
| LEADER | 00000naa$a2200000$$$4500 | ||
|---|---|---|---|
| 001 | 0001270 | ||
| 005 | 20230922101303.9 | ||
| 041 | 0 | |a cze | |
| 044 | |a CZ | ||
| 245 | 1 | 0 | |a Systém řízení kvality |c aut. Zdeněk Veiner |
| 520 | |a Podpora aplikácie systému riadenia kvality v organizáciách, ktoré pôsobia v bezpečnostnom priemysle. Predpokladom úspechu pri vytváraní moderného a funkčného riadenia kvality je využitie všeobecne platných zásad s uplatnením medzinárodnej normy ISO 9001. Certifikačný inštitút Českej asociácie poisťovní (ČAP) požiadal o rozšírenie činnosti certifikačného orgánu o certifikáciu systému riadenia kvality pre organizácie poskytujúce ochranu majetku a osôb. | ||
| 610 | 2 | 0 | |a riadenie kvality |
| 610 | 2 | 0 | |a systém riadenia kvality |
| 610 | 2 | 0 | |a certifikácia |
| 610 | 2 | 0 | |a poisťovníctvo |
| 610 | 2 | 0 | |a ochrana majetku |
| 100 | 1 | |a Veiner, Zdeněk | |